000
00350nam a2200157Ia 4500
100
_a
Samson/Danny
942
_c
BK
366
_f
25
654
_a
operations management
245
_a
Operations Management
260
_b
Cambride University press
_c
1992
082
_a
658.4035
_b
SAM
300
_a
482
546
_a
ENGLISH
_c
Info.Tech
999
_c
32015
_d
32015